Xerxes' Greek adventure : the naval perspective /

Saved in:
Bibliographic Details
Main Author: Wallinga, H. T.
Format: Book
Language:English
Published: Leiden ; Boston : Brill, 2005.
Series:Mnemosyne, bibliotheca classica Batava. Supplementum ; 264.
Subjects:
Tags: Add Tag
No Tags, Be the first to tag this record!
LEADER 01037pam a22003014a 4500
001 009727125-X
005 20050818092134.0
008 050225s2005 ne ab b 001 0 eng
010 |a  2005045744 
020 |a 9004141405 (alk. paper) 
035 0 |a ocm58053240 
040 |a DLC  |c DLC  |d YDX  |d OHX  |d BAKER 
042 |a pcc 
043 |a e-gr--- 
050 0 0 |a DF225.2  |b .W35 2005 
072 7 |a DF  |2 lcco 
082 0 0 |a 938/.03  |2 22 
100 1 |a Wallinga, H. T. 
245 1 0 |a Xerxes' Greek adventure :  |b the naval perspective /  |c by H.T. Wallinga. 
260 |a Leiden ;  |a Boston :  |b Brill,  |c 2005. 
300 |a x, 174 p. :  |b ill., maps ;  |c 25 cm. 
490 1 |a Mnemosyne, bibliotheca classica Batava. Supplementum ;  |v 264 
504 |a Includes bibliographical references (p. [160]-162) and indexes. 
651 0 |a Greece  |x History  |y Persian Wars, 500 B.C.-449 B.C.  |x Naval operations. 
650 0 |a Salamis, Battle of, Greece, 480 B.C. 
830 0 |a Mnemosyne, bibliotheca classica Batava.  |p Supplementum ;  |v 264. 
988 |a 20050802 
906 |0 DLC